Faktor pohybu v architektúre : Kandidátska dizertačná práca /

Salvato in:
Dettagli Bibliografici
Autore principale: Nadáska, Zuzana (Autore)
Altri autori: Keppl, Julián, 1950- (Relatore della tesi)
Natura: Manoscritto Libro
Lingua:slovacco
Pubblicazione: Bratislava : Slovenská technická univerzita v Bratislave, Fakulte architektúry, december 1992
Soggetti:
Tags: Aggiungi Tag
Nessun Tag, puoi essere il primo ad aggiungerne!!

MARC

LEADER 00000ntm a22000003a 4500
001 0115816
003 SK-STU
005 20250606091004.9
007 ta
008 250606s2025----xo-----f-mn---000-0-slo-d
040 |a STU  |b slo 
041 0 |a slo 
044 |a xo  |c SK 
100 1 |a Nadáska, Zuzana  |4 aut 
245 1 0 |a Faktor pohybu v architektúre :  |b Kandidátska dizertačná práca /  |c aut. Zuzana Nadáska ; škol. Julián Keppl 
260 |a Bratislava :  |b Slovenská technická univerzita v Bratislave, Fakulte architektúry,  |c december 1992 
300 |a 84 s. 
650 0 7 |a pohyb peší 
650 0 7 |a pešia zóna 
650 0 7 |a interiér 
650 0 7 |a exteriér 
650 0 7 |a dynamika pohybu 
650 0 7 |a komunikačné priestory 
650 0 7 |a podzemná architektúra 
650 0 7 |a experimentálna architektúra 
650 0 7 |a urbanizmus podzemný 
650 0 7 |a doprava 
650 0 7 |a rýchlodráha 
700 1 |a Keppl, Julián,  |d 1950-  |4 ths  |X 500  |7 A000000500 
996 |b 284AU10409  |c A* 296/V  |l AAKNST  |s P  |a 0  |w 0115816_0001